000 00422nam a2200157Ia 4500
008 230917s9999||||xx |||||||||||||| ||und||
020 _cPON24
040 _e13120
_aMAIN
041 _aEnglish
082 _a515.353 C722A
100 _aCotton, David L
245 0 _aAnalytic theory of partial differential equations
260 _aBoston
_bPitam Advanced Publishing Program
_c1980
300 _axii,239 p.
942 _cBK
999 _c224380
_d224380